Native Language Capitals - Statistics

General Stats
  • This quiz has been taken 19 times
  • The average score is 25 of 30
Answer Stats
Capital English version % Correct
4) București Bucharest
100%
7) Moskva Moscow
100%
2) Roma Rome
100%
11) Athína Athens
95%
9) Bayrūt Beirut
95%
6) København Copenhagen
95%
22) Yerushalayim Jerusalem
95%
28) Lisboa Lisbon
95%
18) Sofiya Sofia
95%
10) Warszawa Warsaw
95%
17) Bakı Baku
89%
16) Hà Nội Hanoi
89%
24) Ciudad de México Mexico City
89%
1) Praha Prague
89%
25) Ar-ribaaṭ Rabat
89%
3) Wein Vienna
89%
26) Masqaṭ Muscat
84%
8) Prishtinë Pristina
84%
15) ar-riyāḍ Riyadh
84%
13) Tiranë Tirana
84%
14) Krung Thep Bangkok
79%
30) Muqdisho Mogadishu
79%
19) Phnum Pénh Phnom Penh
79%
5) Beograd Belgrade
74%
12) Lefkosia Nicosia
74%
27) Pot Mosbi Port Moresby
74%
29) Ad-Dawḥah Doha
63%
20) Al-Qāhirah Cairo
58%
21) Naī Dillī New Delhi
42%
23) nwakšūṭ Nouakchott
37%
No matching quizzes found
Score Distribution
Percent of People with Each Score
Percentile by Number Answered
Your Score History
You have not taken this quiz